O crocodilo e os seis anões (Registo nº 1950)

Detalhes MARC
000 -Etiqueta do registo
Cabeçalho 00948nam a22003251 4500
005 - Identificador da versão
Campo de controlo 20240813121920.0
095 ## -
-- PTBN00514664
010 ## - Número internacional normalizado dos livros (ISBN)
Número (ISBN) 9722108557
021 ## - Número do Depósito Legal
Código do país PT
Número 67353/93
100 ## - Dados gerais de processamento
Dados gerais de processamento 20070614d1993 c y0pory5003 ba
102 ## - Pais de publicação ou produção
País de publicação Portugal
101 1# - Língua de publicação
Língua do texto, banda sonora, etc. Português
Língua do documento no original Francês
106 ## - Campo de dados codificados: material textual
Dados codificados do material textual r
105 ## - Campo de dados codificados: livros
Dados codificados dos livros a z 000fy
215 ## - Descrição física 
Indicação específica da natureza do documento e extensão da espécie [25] p.
Outras indicações físicas muito il.
Dimensões 25 cm
200 1# - Titulo e menção de responsabilidade
Título próprio O crocodilo e os seis anões
Primeira menção de responsabilidade Philippe Cayeux
Outras menções de responsabilidade il. Puig Rosado
-- trad. José Oliveira
225 2# - Colecção 
Título próprio da colecção Começo a ler
210 ## - Publicação, Distribuição, etc. 
Lugar da edição, distribuição, etc. Lisboa
Nome do editor, distribuidor, etc. Caminho
Data da publicação, distribuição, etc. D.L. 1993
304 ## - Notas relativas a título e menção de responsabilidade 
Texto da nota Tít. orig.: Le crocodile et les six nains
606 ## - Nome comum usado como assunto
Número de registo de entrada de autoridade 0000001
Palavra de ordem Literatura estrangeira infantil
Subdivisão de assunto Conto
675 ## - Classificação Decimal Universal (CDU)
Notação 82-34
Edição
Língua da edição por
702 #1 - Nome de autor-pessoa física (responsabilidade secundária)
Número de registo de entrada de autoridade 0000587
Palavra de ordem Rosado
Outra parte do nome não tomada para palavra de ordem Puig
Código de função Ilustrador / Técnico de desenho computorizado
Número de registo de entrada de autoridade 0000551
Palavra de ordem Oliveira
Outra parte do nome não tomada para palavra de ordem José
Código de função Tradutor
700 #1 - Nome de autor-pessoa física (responsabilidade principal)
Número de registo de entrada de autoridade 0000586
Palavra de ordem Cayeux
Outra parte do nome não tomada para palavra de ordem Philippe
942 ## - Elementos de entrada adicionados (Koha)
Tipo de item no Koha Livro
Exemplares
Situação do levantamento Origin of item (home branch) (coded) Biblioteca de empréstimo Código de barras Cota Circulation type (not for loan) Tipo de documento Nota do exemplar Damaged status
  Biblioteca Escolar da Coca Maravilhas Biblioteca Escolar da Coca Maravilhas BECM2694/95 8EST CAY   Livro Sem mensagem  
  Biblioteca Escolar da Coca Maravilhas Biblioteca Escolar da Coca Maravilhas BECM3014/96 8EST CAY   Livro Sem mensagem  
  Biblioteca Escolar da Coca Maravilhas Biblioteca Escolar da Coca Maravilhas BECM5048/01 8EST CAY   Livro Sem mensagem